000 00847nam a22002537a 4500
001 BR7808011
003 BR-BrBNA
005 20230928085848.0
007 ta
008 230509b bl.||||| |||| 00| 0 por d
040 _aBR-BrBNA
_bpor
_cBiblioteca Nacional de Agricultura
041 _a(Por)
072 _aE14
_b/G514
090 _ E14 BR7808011
110 1 _aComissao Estadual de Planejamento Agricola, Porto Alegre, RS (Brasil)
_92057
245 1 _a2. termo aditivo ao convenio de implantacao da CEPA - relatorio da execucao abril/junho [Comissao Estadual de Planejamento Agricola, Rio Grande do Sul, Brasil]
260 3 _aPorto Alegre, RS (Brasil):
_c1978.
300 _a10 p.
650 _aPROJETO AGRICOLA
650 _aDESENVOLVIMENTO RURAL
650 _aRIO GRANDE DO SUL
909 _a202309
_bLucia
_c55
_dLucia Elande
942 _cBK
999 _c26744
_d26744